Sociedad y teoría de sistemas: elementos para la comprensión de la teoría de Niklas Luhmann
محفوظ في:
| المؤلفون الرئيسيون: | , |
|---|---|
| التنسيق: | كتاب |
| اللغة: | الإسبانية |
| منشور في: |
Santiago
Universitaria
1999
|
| الطبعة: | 3a. ed |
| سلاسل: | El Saber y la Cultura
|
| الموضوعات: | |
| الوسوم: |
إضافة وسم
لا توجد وسوم, كن أول من يضع وسما على هذه التسجيلة!
|
MARC
| LEADER | 00000nam a2200000 a 4500 | ||
|---|---|---|---|
| 001 | UCP8489 | ||
| 003 | CL-VaPUC | ||
| 005 | 20220121074007.0 | ||
| 008 | 000303e19990000CL |||||||||||||||||spa|d | ||
| 999 | |c 285384 |d 285382 | ||
| 040 | |c Pontificia Universidad Católica de Valparaíso | ||
| 082 | 0 | 4 | |a 303 |b ROD |2 21 |
| 100 | 0 | |a Rodríguez Mansilla, Darío |e author |9 438480 | |
| 245 | 1 | 0 | |a Sociedad y teoría de sistemas: elementos para la comprensión de la teoría de Niklas Luhmann |
| 250 | |a 3a. ed | ||
| 260 | |a Santiago |b Universitaria |c 1999 | ||
| 300 | |a 199 p | ||
| 490 | 0 | |a El Saber y la Cultura | |
| 583 | |a last modification |c 20000303 00:00:00 |k Rodrigo Vera | ||
| 600 | |a Luhmann, Niklas, |d 1927-1998 |9 861237 | ||
| 650 | 0 | |a Sistemas sociales |9 308361 | |
| 650 | 0 | |a Sociedad |9 307903 | |
| 650 | 0 | |a Sociología |9 255410 | |
| 650 | 0 | |a Teoría de sistemas |9 260742 | |
| 700 | 0 | |a Arnold Cathalifaud, Marcelo |e author |9 438481 | |
| 942 | |c BK |2 ddc | ||
| 945 | |d 20000303 00:00:00 |a vberengu | ||
| 952 | |0 0 |1 0 |4 0 |6 303_000000000000000_ROD_1999 |7 0 |8 R |9 329962 |a BIBGIM |b BIBGIM |d 2019-11-20 |i 3589935 |l 4 |m 3 |o 303 ROD 1999 |p 3589935 |r 2025-01-15 |s 2024-05-20 |w 2019-11-20 |y BK_R |k COM | ||